ランダムに取り除かれた都道府県 - Statistics

General Stats
  • This quiz has been taken 3,029 times
    3,028 since last reset
  • The average score is 9 of 10
Answers on the Map
Answers color-coded by a green-red scale on the quiz's map according to % correct below.
 
Answer Stats
都道府県 % Correct
福島県
100%
岩手県
99%
宮城県
99%
秋田県
99%
山形県
99%
栃木県
99%
長野県
99%
群馬県
98%
埼玉県
98%
山梨県
98%
奈良県
98%
北海道
97%
青森県
97%
新潟県
97%
岐阜県
97%
広島県
97%
茨城県
96%
東京都
96%
愛知県
96%
滋賀県
96%
京都府
96%
兵庫県
96%
熊本県
96%
大阪府
95%
鳥取県
95%
山口県
95%
大分県
95%
福井県
94%
静岡県
94%
岡山県
94%
愛媛県
94%
佐賀県
94%
宮崎県
94%
徳島県
93%
福岡県
93%
富山県
92%
三重県
92%
島根県
91%
高知県
91%
神奈川県
90%
石川県
90%
鹿児島県
90%
香川県
89%
千葉県
88%
和歌山県
87%
沖縄県
87%
長崎県
86%
No matching quizzes found
Score Distribution
Percent of People with Each Score
Percentile by Number Answered
Your Score History
You have not taken this quiz since the last reset